[Event "Mondiale Lampo FIDE 2022"]
[Site "Alma Ata"]
[Date "30.12.2022"]
[Round "20.41"]
[White "Kovalev, Vladislav"]
[Black "Sadhwani, Raunak"]
[Result "0-1"]
[WhiteTitle ""]
[BlackTitle ""]
[WhiteElo "2623"]
[BlackElo "2627"]
[WhiteFideId "13504398"]
[BlackFideId "35093487"]
[EventDate "29.12.2022"]

1. e4 g6 2. d4 Bg7 3. Be3 d6 4. Qd2 c6 5. f3 h5 6. Ne2 b5 7. a4 bxa4 8. Nbc3 Nd7
9. Nxa4 Ngf6 10. Nf4 Rb8 11. Be2 O-O 12. O-O Qc7 13. b3 e5 14. dxe5 Nxe5 15.
Rad1 Rd8 16. Nd3 Nxd3 17. Bxd3 Nd7 18. Bg5 Re8 19. Be2 d5 20. exd5 cxd5 21. Bf4
Ne5 22. Kh1 Bf5 23. Nc3 Rbd8 24. Rc1 d4 25. Ne4 Qb6 26. Bxe5 Bxe5 27. Bd3 Qc7
28. f4 Bg7 29. Rce1 h4 30. h3 Re7 31. Nf2 Bc8 32. Rxe7 Qxe7 33. Re1 Qc7 34. Ng4
Be6 35. Qf2 Rc8 36. Ne5 Bd5 37. Qxh4 Re8 38. Qg3 Qc3 39. Nf3 Re3 40. Rxe3 dxe3
41. f5 gxf5 42. Qb8+ Bf8 43. Qf4 Bxf3 44. Qxf3 Qe5 45. Qe2 Bd6 46. g3 Kf8 47.
Qf3 a5 48. Kg2 Bc5 49. Qxf5 Qxf5 0-1

[Event "Mondiale Lampo FIDE 2022"]
[Site "Alma Ata"]
[Date "30.12.2022"]
[Round "20.42"]
[White "Sindarov, Javokhir"]
[Black "Daneshvar, Bardiya"]
[Result "0-1"]
[WhiteTitle ""]
[BlackTitle ""]
[WhiteElo "2654"]
[BlackElo "2500"]
[WhiteFideId "14205483"]
[BlackFideId "12576468"]
[EventDate "29.12.2022"]

1. e4 c6 2. d4 d5 3. Nc3 dxe4 4. Nxe4 Nf6 5. Nxf6+ exf6 6. Bc4 Bd6 7. Qe2+ Be7
8. Nf3 O-O 9. O-O Re8 10. Re1 Nd7 11. Bf4 Nf8 12. Rad1 Be6 13. Bxe6 Nxe6 14. Bg3
Qa5 15. Qc4 Rad8 16. c3 Bf8 17. h3 Rd7 18. Nd2 Red8 19. a4 Qf5 20. Nf3 h6 21.
Qd3 Qxd3 22. Rxd3 c5 23. Red1 cxd4 24. cxd4 Nc5 25. Ra3 Ne6 26. Rad3 Rd5 27. Kf1
f5 28. b3 f4 29. Bh2 g5 30. g3 fxg3 31. Bxg3 Bg7 32. h4 g4 33. Ne5 f5 34. f3 f4
35. Ng6 fxg3 36. Ne7+ Kh7 37. Nxd5 Rxd5 38. fxg4 g2+ 39. Kf2 Bxd4+ 40. Kf3 Rc5
41. Kxg2 Nf4+ 42. Kf3 Nxd3 43. Rxd3 Rc3 44. Rxc3 Bxc3 45. Ke4 Kg6 0-1

[Event "Mondiale Lampo FIDE 2022"]
[Site "Alma Ata"]
[Date "30.12.2022"]
[Round "20.43"]
[White "Hovhannisyan, Robert"]
[Black "Tari, Aryan"]
[Result "0-1"]
[WhiteTitle ""]
[BlackTitle ""]
[WhiteElo "2597"]
[BlackElo "2659"]
[WhiteFideId "13302507"]
[BlackFideId "1510045"]
[EventDate "29.12.2022"]

1. e4 c6 2. d4 d5 3. exd5 cxd5 4. c4 Nf6 5. Nc3 Nc6 6. Nf3 a6 7. cxd5 Nxd5 8.
Bc4 Be6 9. Bb3 Nxc3 10. bxc3 Bxb3 11. axb3 e6 12. O-O Be7 13. Bf4 O-O 14. Qd3 a5
15. Ne5 Qd5 16. Nxc6 Qxc6 17. Be5 Rfd8 18. Qg3 Bf8 19. c4 a4 20. c5 Rd5 21. Rxa4
Rxa4 22. bxa4 Qxa4 23. h4 Qa2 24. h5 h6 25. Qg4 Rd8 26. f4 Ra8 27. f5 exf5 28.
Qxf5 Qd5 29. Qf3 Qd7 30. Qf4 f6 31. Bd6 Bxd6 32. Qxd6 Qxd6 33. cxd6 Rd8 34. Rb1
Rxd6 35. Rxb7 Rxd4 36. Rb5 Rg4 37. Rb3 Kf7 38. Kf2 f5 39. Rb5 Rg5 40. Kf3 Rxh5
41. Kf4 Rh4+ 42. Kg3 Rg4+ 43. Kf3 g6 44. Rb8 Kf6 45. Rb6+ Kg5 46. Rb1 h5 47. Rb6
h4 48. Ra6 Rg3+ 49. Kf2 Rb3 50. Ra8 Kg4 51. Ra6 Rb2+ 52. Kg1 g5 53. Ra3 f4 54.
Kf1 Rc2 55. Rb3 Rc5 56. Kf2 Re5 57. Ra3 Re3 58. Ra5 h3 59. gxh3+ Rxh3 60. Kg2
Rb3 61. Ra2 Kh4 62. Rf2 f3+ 63. Kg1 g4 64. Rh2+ Kg3 65. Rg2+ Kf4 0-1

[Event "Mondiale Lampo FIDE 2022"]
[Site "Alma Ata"]
[Date "30.12.2022"]
[Round "20.44"]
[White "Najer, Evgeniy"]
[Black "Muradli, Mahammad"]
[Result "0-1"]
[WhiteTitle ""]
[BlackTitle ""]
[WhiteElo "2662"]
[BlackElo "2540"]
[WhiteFideId "4118987"]
[BlackFideId "13409301"]
[EventDate "29.12.2022"]

1. e4 c5 2. Nf3 d6 3. d4 cxd4 4. Nxd4 e6 5. c4 Nc6 6. Nc3 Nf6 7. Be2 Be7 8. Be3
Bd7 9. Ndb5 Qb8 10. g4 a6 11. Nd4 h6 12. Rg1 Nxd4 13. Qxd4 b5 14. O-O-O b4 15.
Nb1 e5 16. Qd3 g5 17. Nd2 Be6 18. Kb1 Nd7 19. c5 dxc5 20. Qc2 Nb6 21. Bxc5 Bxc5
22. Qxc5 Nd7 23. Qe3 Ke7 24. Bc4 Qb6 25. Bxe6 Qxe3 26. fxe3 fxe6 27. Nc4 Rac8
28. b3 Rhd8 29. Kb2 Nc5 30. Nxe5 Rxd1 31. Rxd1 Nxe4 32. Rd7+ Kf6 33. Nc4 Nf2 34.
Rd4 Ke7 35. Ne5 Rc3 36. Rxb4 Rxe3 37. Rb7+ Kf6 38. Rf7+ Kxe5 39. Rxf2 Re4 40. h3
Re3 41. b4 Rxh3 42. a4 Rg3 43. b5 axb5 44. axb5 Rxg4 45. Kb3 Rd4 46. Rc2 g4 47.
Ka3 g3 48. b6 Rd8 49. Kb4 Kf4 50. Rc4+ Kf5 51. Rc5+ e5 52. Kb5 h5 53. b7 Rb8 54.
Kb6 h4 55. Rc8 Rxb7+ 56. Kxb7 g2 0-1

[Event "Mondiale Lampo FIDE 2022"]
[Site "Alma Ata"]
[Date "30.12.2022"]
[Round "20.46"]
[White "Lintchevski, Daniil"]
[Black "Petrosyan, Manuel"]
[Result "1/2-1/2"]
[WhiteTitle ""]
[BlackTitle ""]
[WhiteElo "2548"]
[BlackElo "2621"]
[WhiteFideId "4171055"]
[BlackFideId "13300857"]
[EventDate "29.12.2022"]

1. e4 e5 2. Nf3 Nc6 3. Nc3 Nf6 4. h3 Bb4 5. Nd5 Bc5 6. Bc4 d6 7. d3 h6 8. c3 O-O
9. b4 Bb6 10. a4 a5 11. Nxb6 cxb6 12. b5 Ne7 13. O-O Ng6 14. Re1 Be6 15. Bxe6
fxe6 16. d4 exd4 17. cxd4 d5 18. exd5 Qxd5 19. Ra3 Rfe8 20. Rae3 Rac8 21. Ne5
Nxe5 22. Rxe5 Qd7 23. Qf3 Qf7 24. Qg3 Kh7 25. Bd2 Rc2 26. R1e2 Qg6 27. Qb3 Nd5
28. Rxe6 Rxe6 29. Rxe6 Qxe6 30. Qxc2+ Kh8 31. Qd3 Kg8 32. Qf3 Kh7 33. h4 Kg8 34.
h5 Qd7 35. Be3 Nf6 36. g3 Qf7 37. g4 Qd7 38. g5 hxg5 39. Bxg5 Qxd4 40. Bxf6 gxf6
41. Qxb7 Qd1+ 42. Kh2 Qxh5+ 43. Kg3 Qe5+ 44. Kf3 Qc3+ 45. Ke4 Qc4+ 46. Kf5 Qc2+
47. Ke6 Qe2+ 48. Kxf6 Qxf2+ 49. Ke6 Qe3+ 50. Kd7 Qd4+ 51. Kc7 Qxa4 52. Qxb6 Qf4+
53. Qd6 Qc1+ 54. Kd8 Qg5+ 55. Kc8 Qxb5 56. Qg6+ Kf8 57. Qf6+ Kg8 58. Qg6+ Kf8
59. Qf6+ 1/2-1/2

[Event "Mondiale Lampo FIDE 2022"]
[Site "Alma Ata"]
[Date "30.12.2022"]
[Round "20.47"]
[White "Ter-Sahakyan, Samvel"]
[Black "Cheng, Bobby"]
[Result "1-0"]
[WhiteTitle ""]
[BlackTitle ""]
[WhiteElo "2605"]
[BlackElo "2583"]
[WhiteFideId "13302531"]
[BlackFideId "4300033"]
[EventDate "29.12.2022"]

1. d4 d5 2. c4 e6 3. Nf3 Nf6 4. g3 Bb4+ 5. Nbd2 dxc4 6. Bg2 b5 7. a4 c6 8. O-O
O-O 9. axb5 cxb5 10. Ng5 Nd5 11. e4 Nb6 12. e5 Qxd4 13. Nxh7 Kxh7 14. Qh5+ Kg8
15. Ne4 Be7 16. Be3 Qd7 17. Bxb6 Bb7 18. Rad1 Bd5 19. Bc5 Bxc5 20. Nf6+ gxf6 21.
Qg4+ Kh7 22. exf6 Kh6 23. Qg7+ Kh5 24. Rxd5+ exd5 25. Bf3+ 1-0

[Event "Mondiale Lampo FIDE 2022"]
[Site "Alma Ata"]
[Date "30.12.2022"]
[Round "20.48"]
[White "Gharibyan, Mamikon"]
[Black "Jobava, Baadur"]
[Result "1/2-1/2"]
[WhiteTitle ""]
[BlackTitle ""]
[WhiteElo "2480"]
[BlackElo "2578"]
[WhiteFideId "13308300"]
[BlackFideId "13601520"]
[EventDate "29.12.2022"]

1. Nf3 d5 2. g3 c6 3. Bg2 Bg4 4. O-O e6 5. c4 Nf6 6. Qb3 Qb6 7. d3 Nbd7 8. Be3
Bc5 9. d4 Be7 10. Nc3 O-O 11. Ne5 Nxe5 12. dxe5 Qxb3 13. axb3 Nd7 14. f4 a6 15.
h3 Bf5 16. Rfc1 h5 17. Bf3 f6 18. g4 hxg4 19. hxg4 Bg6 20. cxd5 cxd5 21. Nxd5
exd5 22. Bxd5+ Kh8 23. e6 Ne5 24. fxe5 Rad8 25. Bxb7 f5 26. Kg2 Rb8 27. Rc7 f4
28. Ba7 Rxb7 1/2-1/2

[Event "Mondiale Lampo FIDE 2022"]
[Site "Alma Ata"]
[Date "30.12.2022"]
[Round "20.49"]
[White "Donchenko, Alexander"]
[Black "Sargissian, Gabriel"]
[Result "0-1"]
[WhiteTitle ""]
[BlackTitle ""]
[WhiteElo "2636"]
[BlackElo "2699"]
[WhiteFideId "24603295"]
[BlackFideId "13300881"]
[EventDate "29.12.2022"]

1. e4 e5 2. Nf3 Nc6 3. Bc4 Nf6 4. d3 Bc5 5. c3 d6 6. O-O a5 7. Re1 Ba7 8. Na3 h6
9. Nb5 Bb6 10. a4 O-O 11. h3 Ne7 12. d4 Ng6 13. dxe5 dxe5 14. Be3 Bxe3 15. Rxe3
Qe7 16. Ba2 Rd8 17. Qc2 Nf4 18. Nh4 c6 19. Na3 Ng4 20. hxg4 Qxh4 21. f3 Qg3 22.
Ree1 h5 23. Rad1 Bd7 24. gxh5 b5 25. Rf1 Bh3 26. Qf2 Qg5 27. Rxd8+ Rxd8 28. g4
Bxf1 29. Qxf1 Qh4 30. axb5 Qg3+ 31. Kh1 Rd2 0-1

[Event "Mondiale Lampo FIDE 2022"]
[Site "Alma Ata"]
[Date "30.12.2022"]
[Round "20.50"]
[White "Durarbayli, Vasif"]
[Black "Batsuren, Dambasuren"]
[Result "0-1"]
[WhiteTitle ""]
[BlackTitle ""]
[WhiteElo "2612"]
[BlackElo "2525"]
[WhiteFideId "13402935"]
[BlackFideId "4902920"]
[EventDate "29.12.2022"]

1. e4 c6 2. d4 d5 3. e5 Bf5 4. Nf3 e6 5. Be2 Ne7 6. O-O Ng6 7. a4 Nd7 8. a5 a6
9. c4 f6 10. cxd5 cxd5 11. exf6 Qxf6 12. Qb3 Rb8 13. Be3 Bd6 14. Qa4 Qe7 15. b4
O-O 16. b5 axb5 17. Qxb5 Nf4 18. Bxf4 Bxf4 19. Nc3 Bg4 20. Rfe1 Kh8 21. h3 Bh5
22. Rad1 Bc7 23. Ne5 Bxe2 24. Rxe2 Nxe5 25. dxe5 Qa3 26. Na4 Ra8 27. Qd7 Bxa5
28. Re3 Qa2 29. Rf1 Rad8 30. Qb5 Bc7 31. Nc5 d4 32. Re2 Qd5 33. Qb2 Qxc5 34. Rc2
Qxe5 35. g3 d3 36. Rc3 Ba5 37. Rb3 Qxb2 38. Rxb2 d2 39. Rd1 Rc8 40. Rbb1 b6 41.
Kf1 Rc5 42. f4 g5 43. Ke2 gxf4 44. gxf4 Rxf4 45. Rg1 Re5+ 46. Kd3 Re1 0-1

[Event "Mondiale Lampo FIDE 2022"]
[Site "Alma Ata"]
[Date "30.12.2022"]
[Round "20.51"]
[White "Christiansen, Johan-Sebastian"]
[Black "Tomashevsky, Evgeny"]
[Result "0-1"]
[WhiteTitle ""]
[BlackTitle ""]
[WhiteElo "2578"]
[BlackElo "2694"]
[WhiteFideId "1512668"]
[BlackFideId "4147235"]
[EventDate "29.12.2022"]

1. e4 e5 2. Nf3 Nc6 3. d4 exd4 4. Bc4 Nf6 5. e5 d5 6. Bb5 Ne4 7. Nxd4 Bc5 8. Be3
O-O 9. Nxc6 bxc6 10. Bxc5 Nxc5 11. Bxc6 Rb8 12. Qxd5 Qe7 13. O-O Rd8 14. Qc4 Ba6
15. Qc3 Bxf1 16. Kxf1 Rd1+ 17. Ke2 Rbd8 18. b4 Ne6 19. Be4 Qh4 20. Bd3 Rg1 21.
g3 Qg4+ 22. f3 Qh5 23. Nd2 Qxh2+ 24. Ke3 Qh6+ 25. Ke2 Nd4+ 26. Kf2 Rxa1 27. Nf1
Qc1 28. Qxc7 Ne6 29. Qc4 h5 30. f4 h4 31. f5 hxg3+ 32. Nxg3 Qe1+ 33. Kg2 Qg1+
34. Kf3 Ng5+ 35. Kg4 Rd4+ 0-1

[Event "Mondiale Lampo FIDE 2022"]
[Site "Alma Ata"]
[Date "30.12.2022"]
[Round "20.52"]
[White "Kadric, Denis"]
[Black "Fedorov, Alexei"]
[Result "0-1"]
[WhiteTitle ""]
[BlackTitle ""]
[WhiteElo "2584"]
[BlackElo "2475"]
[WhiteFideId "14403803"]
[BlackFideId "13500465"]
[EventDate "29.12.2022"]

1. e4 c5 2. Nc3 a6 3. g3 b5 4. Bg2 Bb7 5. Nh3 e6 6. O-O b4 7. Na4 d6 8. c3 bxc3
9. bxc3 Nd7 10. d4 Qa5 11. d5 e5 12. Rb1 Bc8 13. f4 Ngf6 14. fxe5 Nxe5 15. Nf2
Be7 16. Bf4 Nfd7 17. Bh3 O-O 18. Qc2 Bf6 19. Kh1 c4 20. Be3 Qd8 21. Bd4 Nf3 22.
Be3 Nde5 23. Bg2 Bg5 24. Qc1 f5 25. h4 Bxe3 26. Qxe3 f4 27. gxf4 Qxh4+ 28. Nh3
Bxh3 0-1

[Event "Mondiale Lampo FIDE 2022"]
[Site "Alma Ata"]
[Date "30.12.2022"]
[Round "20.53"]
[White "Nesterov, Arseniy"]
[Black "Vokhidov, Shamsiddin"]
[Result "0-1"]
[WhiteTitle ""]
[BlackTitle ""]
[WhiteElo "2573"]
[BlackElo "2579"]
[WhiteFideId "24198455"]
[BlackFideId "14204223"]
[EventDate "29.12.2022"]

1. d4 Nf6 2. c4 e6 3. Nf3 d5 4. Nc3 Bb4 5. Bg5 h6 6. Bxf6 Qxf6 7. e3 O-O 8. Rc1
dxc4 9. Bxc4 c5 10. O-O cxd4 11. Ne4 Qf5 12. Bd3 dxe3 13. a3 Be7 14. Nd6 Qd5 15.
Nxc8 exf2+ 16. Kh1 Bf6 17. Nd6 Rd8 18. Ne4 Qxd3 19. Nxf6+ gxf6 20. Qa4 Nc6 21.
Qf4 Nd4 22. Rxf2 Nf5 23. h3 Qe3 24. Qxe3 Nxe3 25. Re2 Nf5 26. Kh2 Rac8 27. Rf1
Kg7 28. g4 Nd4 29. Ref2 Nxf3+ 30. Rxf3 Rc2+ 31. Kg3 Rxb2 32. Rxf6 Rb3+ 33. Kh4
Rd7 34. a4 Rb4 35. Kh5 Rxa4 36. Rxh6 Rd5+ 37. g5 Rdd4 38. Rxf7+ Kxf7 39. Rh7+
Kg8 40. Rxb7 e5 41. Re7 Rh4+ 42. Kg6 Ra6+ 43. Kf5 Rxh3 44. Rb7 Rf3+ 45. Kg4 Rf7
46. Rb8+ Kg7 47. Kh5 Re7 48. Rb1 e4 0-1

[Event "Mondiale Lampo FIDE 2022"]
[Site "Alma Ata"]
[Date "30.12.2022"]
[Round "20.54"]
[White "Urazayev, Arystanbek"]
[Black "Yilmaz, Mustafa"]
[Result "1-0"]
[WhiteTitle ""]
[BlackTitle ""]
[WhiteElo "2465"]
[BlackElo "2617"]
[WhiteFideId "13709810"]
[BlackFideId "6302718"]
[EventDate "29.12.2022"]

1. e4 c5 2. Nf3 d6 3. d4 cxd4 4. Nxd4 Nf6 5. Nc3 a6 6. Be2 e5 7. Nb3 Be7 8. h4
Be6 9. f4 h5 10. f5 Bc8 11. Bg5 Nbd7 12. a4 b6 13. O-O Bb7 14. Bf3 Rc8 15. Qe2
Qc7 16. Qe3 Nc5 17. Bxf6 Bxf6 18. g3 Be7 19. Nd2 Nd7 20. Kg2 Nf6 21. Rfc1 O-O
22. Nd5 Bxd5 23. exd5 Qd7 24. Qd3 e4 25. Bxe4 Ng4 26. Bf3 Ne5 27. Qe2 Qxf5 28.
Be4 Qg4 29. Qxg4 hxg4 30. Bf5 Rc7 31. c4 g6 32. Bb1 a5 33. Ra3 f5 34. Rb3 Rb8
35. Rb5 Kg7 36. b3 Bf6 37. Re1 Rc5 38. Re2 Rb7 39. Bc2 Bd8 40. Nb1 Re7 41. Nc3
Rc8 42. Nd1 Nd7 43. Rxe7+ Bxe7 44. Nf2 Bf6 45. Nd3 Bd4 46. Nf4 Nf8 47. Bd3 Re8
48. b4 axb4 49. Rxb4 Re3 50. a5 bxa5 51. Rb7+ Kf6 52. Bc2 Be5 53. Ba4 Bxf4 54.
gxf4 Re4 55. Kg3 Re3+ 56. Kg2 Re7 57. Rb6 Re2+ 58. Kg3 Re3+ 59. Kg2 Ra3 60. Bb5
Ke7 61. Rb7+ Kd8 62. Rf7 Ra2+ 63. Kg3 Ra3+ 64. Kg2 Ra2+ 65. Kf1 Ra1+ 66. Ke2
Ra2+ 67. Ke3 g3 68. Rxf8+ Ke7 69. Re8+ Kf7 70. Kf3 g2 71. Re1 a4 72. c5 dxc5 73.
d6 Rd2 74. Bxa4 Rxd6 75. Kxg2 Rd4 76. Be8+ Kf6 77. Kf3 Rd3+ 78. Re3 Rd1 79. Ra3
c4 80. Ra6+ Ke7 81. Bxg6 Rd3+ 82. Ke2 Rd4 83. Ke3 Rd3+ 84. Kf2 Rd4 85. h5 Rxf4+
86. Ke3 Re4+ 87. Kf3 Rh4 88. Rc6 c3 89. Kg3 Rg4+ 90. Kh3 Rf4 91. Rxc3 Kf6 92.
Rc6+ Kg5 93. Be8 Rh4+ 94. Kg3 f4+ 95. Kg2 Rg4+ 96. Kf2 Rh4 97. Rc5+ Kf6 98. Kf3
Ke7 99. Bg6 Kf6 100. Rc6+ Kg5 101. Bf7 Rh3+ 102. Kg2 Rh4 103. Rg6+ Kxh5 104. Kf3
Rh3+ 105. Kxf4 Rh4+ 106. Kf5 Rh3 107. Kf4 Rh4+ 108. Kg3 Rh3+ 109. Kf4 1-0

[Event "Mondiale Lampo FIDE 2022"]
[Site "Alma Ata"]
[Date "30.12.2022"]
[Round "20.55"]
[White "Makarian, Rudik"]
[Black "Paravyan, David"]
[Result "0-1"]
[WhiteTitle ""]
[BlackTitle ""]
[WhiteElo "2554"]
[BlackElo "2586"]
[WhiteFideId "44105681"]
[BlackFideId "4194985"]
[EventDate "29.12.2022"]

1. d3 d5 2. f4 Nf6 3. Nf3 Bg4 4. Nbd2 Nc6 5. h3 Bxf3 6. Nxf3 Qd6 7. g4 e5 8.
fxe5 Nxe5 9. Bg2 Nxf3+ 10. Bxf3 O-O-O 11. c3 Ne4 12. Be3 Qg3+ 13. Kf1 Bc5 14.
Bxc5 Nxc5 15. Qe1 Qd6 16. b4 Ne6 17. Qd2 Kb8 18. Ke1 Rhe8 19. Kd1 h6 20. Kc2 Ng5
21. Raf1 Re7 22. h4 Nxf3 23. Rxf3 Rde8 24. e3 d4 25. e4 dxc3 26. Qxc3 Qe6 27.
Qxg7 Qxa2+ 28. Qb2 Qe6 29. g5 hxg5 30. h5 Qg4 31. Rfh3 f5 32. h6 fxe4 33. h7
exd3+ 34. Kb3 Qe6+ 35. Ka3 Qa6+ 36. Kb3 Qe6+ 37. Ka3 Qa6+ 38. Kb3 g4 39. h8=Q
Qe6+ 40. Ka3 Qa6+ 41. Kb3 Qe6+ 42. Kc3 Qc6+ 43. Kb3 gxh3 44. Qxh3 Re2 45. Qc3
Qd5+ 46. Qc4 Rb2+ 47. Kxb2 Qxc4 48. Qe3 Qxb4+ 49. Ka2 Qa4+ 0-1

[Event "Mondiale Lampo FIDE 2022"]
[Site "Alma Ata"]
[Date "30.12.2022"]
[Round "20.56"]
[White "Isanzhulov, Arystan"]
[Black "Hambleton, Aman"]
[Result "1-0"]
[WhiteTitle ""]
[BlackTitle ""]
[WhiteElo "2313"]
[BlackElo "2437"]
[WhiteFideId "13711644"]
[BlackFideId "2606577"]
[EventDate "29.12.2022"]

1. e4 b6 2. d4 Bb7 3. Bd3 e6 4. Nf3 d5 5. exd5 Qxd5 6. O-O Nf6 7. Nc3 Qh5 8. Ne5
Qxd1 9. Rxd1 a6 10. Bg5 Nbd7 11. Nxd7 Nxd7 12. d5 e5 13. Re1 Bd6 14. Rad1 O-O
15. Ne4 Rfe8 16. Bh4 Bb4 17. c3 Bf8 18. Bc2 Nc5 19. d6 cxd6 20. Nxd6 Bxd6 21.
Rxd6 b5 22. f3 Rac8 23. Bf2 f6 24. Red1 Rc7 25. Rb6 Bc8 26. Rb8 Kf7 27. h4 Be6
28. Rxe8 Kxe8 29. Bxh7 Bxa2 30. Ra1 Bd5 31. Bxc5 Rxc5 32. Rxa6 b4 33. cxb4 Rc1+
34. Kf2 Rd1 35. Ke3 Re1+ 36. Kf2 Rd1 37. Ke2 Rg1 38. Kf2 Rh1 39. h5 Rd1 40. Bg6+
Ke7 41. Ra7+ Kf8 42. Rd7 Bb3 43. Rxd1 Bxd1 44. Ke3 Ke7 45. b5 Kd6 46. b4 Ba4 47.
Bd3 Kd5 48. g3 Bb3 49. Be4+ Kd6 50. b6 Bc4 51. f4 exf4+ 52. Kxf4 Be6 53. g4 Bd7
54. Bf3 Be6 55. Ke3 Bd7 56. Kd4 Be6 57. Kc3 Bd7 58. Kc4 Be8 59. b5 Bf7+ 60. Kb4
Kd7 61. Kc5 Be6 62. b7 Kc7 63. b6+ Kb8 64. Kd6 Bc4 65. Ke7 f5 66. gxf5 Bd3 67.
f6 gxf6 68. h6 Bh7 69. Kf7 Bd3 70. Kg7 Bc2 71. Bd5 Bd3 72. Kxf6 Be4 73. Ke5 Bh7
74. Be4 Bg6 75. Bxg6 1-0

[Event "Mondiale Lampo FIDE 2022"]
[Site "Alma Ata"]
[Date "30.12.2022"]
[Round "20.57"]
[White "Averin, Nikolay"]
[Black "Ganguly, Surya Shekhar"]
[Result "0-1"]
[WhiteTitle ""]
[BlackTitle ""]
[WhiteElo "2342"]
[BlackElo "2582"]
[WhiteFideId "24250473"]
[BlackFideId "5002150"]
[EventDate "29.12.2022"]

1. e4 e5 2. Nf3 Nc6 3. Bb5 a6 4. Ba4 f5 5. exf5 e4 6. Qe2 Qe7 7. Bxc6 bxc6 8.
Nd4 Qe5 9. Nb3 d5 10. d3 Bd6 11. dxe4 dxe4 12. N1d2 Nf6 13. Nc4 Qxf5 14. Bd2 O-O
15. O-O-O Ng4 16. Rdf1 Ne5 17. Nd4 Qf7 18. Nxe5 Bxe5 19. Nb3 Qf6 20. c3 Bf5 21.
Be3 a5 22. Nc5 Qf7 23. Kb1 a4 24. a3 Rfb8 25. Ka1 Be6 26. Rd1 Bd5 27. Qg4 Rb5
28. Qd7 Rab8 29. Qxf7+ Bxf7 30. Nd7 Rxb2 31. Nxb8 Rxb8 32. Bd4 Bd6 33. Rb1 Re8
34. Rb7 c5 35. Be3 Bb3 36. Kb2 Kf7 37. Rf1 Bc4 38. Rd1 Ke6 39. Kc1 Bd5 40. Ra7
Rb8 41. Rd2 Rb3 42. Rxa4 Rxc3+ 43. Kb2 Be5 44. Kb1 Rb3+ 45. Kc1 c4 46. Ra6+ c6
47. Bd4 Bf4 48. Be3 Bxe3 49. fxe3 Rxe3 50. a4 c3 51. Rf2 Re1+ 52. Kc2 e3 53. Rf8
e2 54. Re8+ Kd7 55. Re3 Bc4 56. Ra7+ Kd6 57. Rae7 Ra1 58. Kxc3 Rxa4 59. Kd2 Ra1
60. Kc3 Bb5 61. R3e6+ Kc5 62. Re5+ Kb6 63. Kd2 Rd1+ 64. Kc2 Rg1 65. g3 g6 66.
Kd2 h5 67. R7e6 Rd1+ 0-1

[Event "Mondiale Lampo FIDE 2022"]
[Site "Alma Ata"]
[Date "30.12.2022"]
[Round "20.58"]
[White "Brunello, Sabino"]
[Black "Agmanov, Zhandos"]
[Result "0-1"]
[WhiteTitle ""]
[BlackTitle ""]
[WhiteElo "2519"]
[BlackElo "2442"]
[WhiteFideId "813613"]
[BlackFideId "13708309"]
[EventDate "29.12.2022"]

1. d4 Nf6 2. Nf3 d5 3. c4 e6 4. Nc3 Bb4 5. Qa4+ Nc6 6. e3 O-O 7. Bd2 Re8 8. Qc2
Bf8 9. a3 h6 10. Bd3 dxc4 11. Bxc4 e5 12. d5 Ne7 13. e4 Ng6 14. h4 Bg4 15. Ng1
Nh5 16. g3 a6 17. Be3 Rc8 18. Be2 Bxe2 19. Qxe2 Nf6 20. h5 Ne7 21. Nf3 c6 22.
dxc6 Nxc6 23. Rd1 Qa5 24. Kf1 Rcd8 25. Kg2 Rxd1 26. Rxd1 Rd8 27. Rxd8 Qxd8 28.
Nd2 Qd7 29. Nc4 Qe6 30. Nd2 b5 31. Qf3 b4 32. axb4 Bxb4 33. Nd5 Bxd2 34. Nxf6+
gxf6 35. Bxd2 Nd4 36. Qe3 Qg4 37. f3 Qxh5 38. g4 Qg5 39. Qd3 Qg6 40. Qxa6 h5 41.
b4 Kg7 42. Qc8 Ne6 43. Qc3 hxg4 44. fxg4 Qxe4+ 45. Qf3 Qc2 46. Qf2 Nd4 47. b5
Qe4+ 48. Kh2 Nxb5 49. g5 f5 50. Qb6 Qe2+ 51. Kg3 Qd3+ 52. Kh4 Qd4+ 53. Qxd4 Nxd4
54. Bc3 Kg6 0-1

[Event "Mondiale Lampo FIDE 2022"]
[Site "Alma Ata"]
[Date "30.12.2022"]
[Round "20.59"]
[White "Puranik, Abhimanyu"]
[Black "Asadli, Vugar"]
[Result "0-1"]
[WhiteTitle ""]
[BlackTitle ""]
[WhiteElo "2616"]
[BlackElo "2567"]
[WhiteFideId "5061245"]
[BlackFideId "13405764"]
[EventDate "29.12.2022"]

1. c4 Nf6 2. Nc3 g6 3. g3 Bg7 4. Bg2 O-O 5. Nf3 d6 6. O-O e5 7. d3 Nc6 8. Rb1 a5
9. a3 Nd4 10. Nxd4 exd4 11. Nd5 Nd7 12. b4 axb4 13. axb4 c6 14. Nf4 Re8 15. Re1
Nb6 16. Qb3 Bd7 17. Bd2 h5 18. h4 Be5 19. c5 dxc5 20. bxc5 Na4 21. Qxb7 Rb8 22.
Qa6 Rxb1 23. Rxb1 Nc3 24. Bxc3 dxc3 25. Qc4 Bxf4 26. gxf4 Qxh4 27. e3 Qg4 28.
Qxc3 h4 29. Kh2 h3 30. Bh1 Ra8 31. Qb2 Be6 32. Rg1 Qh4 33. Be4 Ra2 34. Qb8+ Kh7
35. Bxg6+ fxg6 36. Qc7+ Kh6 0-1

[Event "Mondiale Lampo FIDE 2022"]
[Site "Alma Ata"]
[Date "30.12.2022"]
[Round "20.60"]
[White "Ghasi, Ameet K"]
[Black "Zhalmakhanov, Ramazan"]
[Result "1-0"]
[WhiteTitle ""]
[BlackTitle ""]
[WhiteElo "2471"]
[BlackElo "2401"]
[WhiteFideId "409200"]
[BlackFideId "13706357"]
[EventDate "29.12.2022"]

1. Nf3 d5 2. g3 Nf6 3. Bg2 c6 4. O-O Bf5 5. b3 e6 6. Bb2 Nbd7 7. d3 h6 8. Nbd2
Bh7 9. c4 Be7 10. a3 a5 11. Qc2 O-O 12. Bc3 c5 13. e4 d4 14. Bb2 e5 15. a4 Ne8
16. Nb1 Nc7 17. Na3 Na6 18. Nb5 Nb4 19. Qe2 f5 20. exf5 Bxf5 21. Rad1 Nxd3 22.
Rxd3 e4 23. Rdd1 exf3 24. Bxf3 Kh8 25. Rfe1 Bf6 26. Nd6 Bg6 27. Nxb7 Qb6 28. Qe6
Qxb3 29. Bg2 Qxb2 30. Qxd7 d3 31. f4 d2 32. Rxd2 Bd4+ 33. Rxd4 cxd4 34. Nc5 Qb4
35. Re5 Rad8 36. Qb5 d3 37. Rd5 d2 38. Bf3 Bc2 39. Ne6 Rxd5 40. Qxd5 Qb1+ 41.
Kf2 Rc8 42. Qd4 Qb7 43. Qxd2 1-0

[Event "Mondiale Lampo FIDE 2022"]
[Site "Alma Ata"]
[Date "30.12.2022"]
[Round "20.61"]
[White "Munkhgal, Gombosuren"]
[Black "Bilguun, Sumiya"]
[Result "1/2-1/2"]
[WhiteTitle ""]
[BlackTitle ""]
[WhiteElo "2463"]
[BlackElo "2474"]
[WhiteFideId "4901266"]
[BlackFideId "4901541"]
[EventDate "29.12.2022"]

1. d4 d5 2. Bf4 Nf6 3. e3 e6 4. Nf3 Bd6 5. Bg3 O-O 6. Nbd2 c5 7. c3 Qc7 8. dxc5
Qxc5 9. Bd3 Nbd7 10. Qe2 h6 11. Rd1 Qc7 12. e4 dxe4 13. Nxe4 Nxe4 14. Bxe4 Bxg3
15. hxg3 Nf6 16. O-O Bd7 17. Ne5 1/2-1/2

[Event "Mondiale Lampo FIDE 2022"]
[Site "Alma Ata"]
[Date "30.12.2022"]
[Round "20.62"]
[White "Narayanan, S.L."]
[Black "Harutyunyan, Tigran K."]
[Result "1-0"]
[WhiteTitle ""]
[BlackTitle ""]
[WhiteElo "2669"]
[BlackElo "2511"]
[WhiteFideId "5058422"]
[BlackFideId "13303635"]
[EventDate "29.12.2022"]

1. d4 Nf6 2. c4 e6 3. Nc3 d5 4. cxd5 Nxd5 5. e4 Nxc3 6. bxc3 c5 7. Nf3 cxd4 8.
cxd4 Bb4+ 9. Bd2 Bxd2+ 10. Qxd2 O-O 11. h4 b6 12. h5 h6 13. Rd1 Bb7 14. Bd3 Nc6
15. Qe3 Nb4 16. Bb1 Rc8 17. O-O Ba6 18. Rfe1 Nc2 19. Bxc2 Rxc2 20. d5 exd5 21.
exd5 Qd6 22. Nd4 Rc5 23. Nf5 Qf6 24. Ne7+ Kh8 25. d6 Rd8 26. d7 Bb5 27. Ng6+ Kh7
28. Ne5 Kg8 29. Qe4 Rc7 30. a4 Ba6 31. Ng4 Qe6 32. Qxe6 fxe6 33. Ne5 Rc5 34. Rd6
Bc4 35. Nc6 Rxd7 36. Rxd7 Rxc6 37. Rxa7 Bd5 38. f3 Rc2 39. Rb1 Rc6 40. Rb4 e5
41. Rg4 Bf7 42. Re4 Rc5 43. Rb4 Rc6 44. Ra6 Bxh5 45. Raxb6 1-0